000 00776cam a2200241 a 4500
001 3524970
005 20180201032645.0
008 960607s1996 vau b 000 0 eng
010 _a 96025256
020 _a0871202697
040 _aDLC
_cDLC
_dDLC
041 _aeng
080 _a371.102
082 0 0 _a371.102 DAN
_220
100 1 _a46
101 _aEDU
245 1 0 _aEnhancing professional practice :
_cCharlotte Danielson.
504 _aIncludes bibliographical references ([129]-140).
906 _a7
_bcbc
_corignew
_d1
_eocip
_f19
_gy-gencatlg
942 _2ddc
_cBK
999 _c41443
_d41443